|
|
|
|
| LEADER |
00732cam a2200169 7i4500 |
| 001 |
0000137744 |
| 005 |
20100210090000.0 |
| 002 |
0000002814 |
| 090 |
0 |
0 |
|a LP 4 FST 2 2006
|
| 100 |
0 |
# |
|a Fadlina Azlan
|
| 245 |
1 |
0 |
|a Heavy metal concentrations in oysters (crassostrea iredalei) and mussels (perna veridis), collected at Tok Bali Lagoon, Kelantan
|c Fadlina Azlan.
|
| 260 |
# |
# |
|a Terengganu:
|b Kolej Universiti Sains dan Teknologi Malaysia,
|c 2006.
|
| 300 |
|
|
|a xi, 25 p.:
|b ill.;
|c 30 cm..
|
| 502 |
# |
# |
|a Project Report FST (Degree of Bachelor of Science - Marine Biology) 2006
|
| 520 |
3 |
# |
|a The cages are located in the middle of Tok Bali River...[et al.]
|
| 602 |
# |
# |
|a Laporan Projek FST 2006
|
| 999 |
|
|
|a 1100042388
|b Book
|c LAPORAN PROJEK
|e BILIK ARKIB
|